000 00452nam a22001817a 4500
003 CEME
005 20210628202038.0
008 210224b xxu||||| |||| 00| 0 eng d
020 _a81-7319-040-2
040 _c.
082 _a515 PON
100 _aPonnusamy, S
_958032
245 _aFoundations of complex analysis
260 _aNEW DELHI
_bNAROSA PUBLISHING
_c1998
300 _aXII,462P
650 _aCOMPLEX ANALYSIS
_958033
942 _cBK
_2ddc
999 _c568256
_d568256